|
|
|
|
| LEADER |
00000nas a2200000 4500 |
| 001 |
ssj0000565087 |
| 003 |
WaSeSS |
| 005 |
20200512172242.0 |
| 006 |
m d |
| 007 |
cr n |
| 008 |
780317c19769999ii qr p s 0 a0eng |
| 010 |
|
|
|a 77912439
|
| 016 |
|
|
|a (AMICUS)000000129778
|
| 016 |
7 |
|
|a 010488718
|2 Uk
|
| 022 |
|
|
|l 0250-9628
|y 0250-9628
|
| 035 |
|
|
|a (WaSeSS)ssj0000565087
|
| 040 |
|
|
|a DLC
|b eng
|c DLC
|d OCL
|d NSD
|d NST
|d AIP
|d NST
|d OCL
|d OCLCQ
|d OCLCO
|d OCLCF
|d OCLCO
|d UKMGB
|d UPM
|d CUS
|d NLC
|d OCLCA
|d OCLCQ
|d WaSeSS
|
| 042 |
|
|
|a pcc
|a nsdp
|
| 050 |
0 |
0 |
|a QA164
|b .J62
|
| 210 |
0 |
|
|a J. comb. inf. syst. sci.
|
| 222 |
|
0 |
|a Journal of combinatorics, information & system sciences
|
| 245 |
0 |
0 |
|a Journal of combinatorics, information & system sciences
|h [electronic resource].
|
| 246 |
3 |
|
|a Journal of combinatorics, information and system sciences
|
| 260 |
|
|
|a [Delhi, India]
|b Forum for Interdisciplinary Mathematics.
|
| 310 |
|
|
|a Quarterly
|
| 362 |
1 |
|
|a Began with v. 1, no. 1, 1976.
|z Cf. New serial titles.
|
| 506 |
|
|
|a License restrictions may limit access.
|
| 650 |
|
0 |
|a Combinatorial analysis
|v Periodicals.
|
| 650 |
|
0 |
|a Information theory
|v Periodicals.
|
| 650 |
|
0 |
|a System theory
|v Periodicals.
|
| 650 |
|
0 |
|a System analysis
|v Periodicals.
|
| 650 |
|
7 |
|a Combinatorial analysis.
|2 fast
|0 (OCoLC)fst00868961
|
| 650 |
|
7 |
|a Information theory.
|2 fast
|0 (OCoLC)fst00973149
|
| 650 |
|
7 |
|a System analysis.
|2 fast
|0 (OCoLC)fst01141385
|
| 650 |
|
7 |
|a System theory.
|2 fast
|0 (OCoLC)fst01141423
|
| 655 |
|
0 |
|a Electronic journals.
|
| 710 |
2 |
|
|a Forum for Interdisciplinary Mathematics.
|
| 850 |
|
|
|a CU-A
|a CaBVaS
|a DLC
|a FU
|a ICU
|a KyLoU
|a MiDW
|a NIC
|a NN
|a NcD
|a NmU
|
| 856 |
4 |
0 |
|z Full text available from Research Library: 01/01/2010 to present
|u https://search.proquest.com/publication/506339
|